Технолого-экономическое образование: достижения, инновации, перспективы (Запись № 12206331)

Подробности
000 -МАРКЕР
контрольное поле 02476nam0a2200373 i 4500
001 - ИДЕНТИФИКАТОР ЗАПИСИ
контрольное поле RU\NLR\BIBL_A\011543175
005 - ИДЕНТИФИКАТОР ВЕРСИИ
контрольное поле 20260503054126.0
010 ## - МЕЖДУНАРОДНЫЙ СТАНДАРТНЫЙ НОМЕР КНИГИ (ISBN)
Номер (ISBN) 9785950020162
Тираж 200
021 ## - НОМЕР ГОСУДАРСТВЕННОЙ РЕГИСТРАЦИИ
Код страны Российская Федерация
Номер 2017-85144
Номер Листа государственной регистраци 6077
035 ## - ДРУГИЕ СИСТЕМНЫЕ НОМЕРА
Идентификатор записи (RuMoRGB)009448189
035 ## - ДРУГИЕ СИСТЕМНЫЕ НОМЕРА
Идентификатор записи (NLR Aleph) 011543175
100 ## - ДАННЫЕ ОБЩЕЙ ОБРАБОТКИ
Данные общей обработки 20171130d2017 km y0rusy50 ca
101 0# - ЯЗЫК РЕСУРСА
Язык текста, звукозаписи и т.д. русский
102 ## - СТРАНА ПУБЛИКАЦИИ ИЛИ ПРОИЗВОДСТВА
Страна публикации Российская Федерация
105 ## - ПОЛЕ КОДИРОВАННЫХ ДАННЫХ: ТЕКСТОВЫЕ МАТЕРИАЛЫ, МОНОГРАФИЧЕСКИЕ
Кодированные данные о монографическом текстовом документе a|||z|||100zy
200 1# - ЗАГЛАВИЕ И СВЕДЕНИЯ ОБ ОТВЕТСТВЕННОСТИ
Основное заглавие Технолого-экономическое образование: достижения, инновации, перспективы
Сведения, относящиеся к заглавию межвузовский сборник статей
Первые сведения об ответственности XVII Всероссийская научно-практическая конференция с международным участием (г. Тула, 14-17 февраля 2017 г.)
Последующие сведения об ответственности Министерство образования и науки Российской Федерации, Федеральное государственное бюджетное образовательное учреждение высшего образования "Тульский государственный педагогический университет им. Л. Н. Толстого"
-- [редакционная коллегия: ... к.т.н., доц. А.А. Потапов (отв. ред.) и др.]
210 ## - ПУБЛИКАЦИЯ, РАСПРОСТРАНЕНИЕ И ДР.
Место издания, распространения и т.д. Тула
Имя издателя, распространителя и т. д. Изд-во ТГПУ им. Л.Н. Толстого
Дата издания, распространения и т.д. 2017
215 ## - ФИЗИЧЕСКАЯ ХАРАКТЕРИСТИКА
Специфическое обозначение материала и объем 254 с.
Другие сведения о физической характеристике ил., табл.
Размеры 20
320 ## - ПРИМЕЧАНИЯ О НАЛИЧИИ В ДОКУМЕНТЕ БИБЛИОГРАФИИ / УКАЗАТЕЛЯ
Текст примечания Библиогр. в конце ст.
606 ## - НАИМЕНОВАНИЕ ТЕМЫ КАК ПРЕДМЕТ
Наименование темы Экономическое образование
Формальный подзаголовок Съезды, совещания и т.п.
Системный номер авторитетной/нормативной записи 905323
Идентификатор авторитетной/нормативной записи RU\NLR\AUTH\669886
606 ## - НАИМЕНОВАНИЕ ТЕМЫ КАК ПРЕДМЕТ
Наименование темы Технологическое образование
Формальный подзаголовок Съезды, совещания и т.п.
Системный номер авторитетной/нормативной записи 2341361
Идентификатор авторитетной/нормативной записи RU\NLR\AUTH\661399489
686 ## - ИНДЕКСЫ ДРУГИХ КЛАССИФИКАЦИЙ
Индекс У.р(2)я431(2)
Код системы
686 ## - ИНДЕКСЫ ДРУГИХ КЛАССИФИКАЦИЙ
Индекс Ч426.81,6(2)я431(2)
Код системы
686 ## - ИНДЕКСЫ ДРУГИХ КЛАССИФИКАЦИЙ
Индекс Ж.р(2)3я431(2)
Код системы
686 1# - ИНДЕКСЫ ДРУГИХ КЛАССИФИКАЦИЙ
Индекс Ч312.02я431
686 1# - ИНДЕКСЫ ДРУГИХ КЛАССИФИКАЦИЙ
Индекс Ч459.3я431
702 #1 - ИМЯ ЛИЦА - ВТОРИЧНАЯ ОТВЕТСТВЕННОСТЬ
Код отношения Редактор
Графика поля Кириллица
Материалы, к которым относится поле rus
Начальный элемент ввода Потапов
Часть имени, кроме начального элемента ввода А. А.
Дополнения к именам, кроме дат канд. техн. наук
Расширение инициалов личного имени Александр Александрович
Идентификатор авторитетной/нормативной записи RU\NLR\AUTH\770128603
Системный номер авторитетной/нормативной записи 128572
712 02 - НАИМЕНОВАНИЕ ОРГАНИЗАЦИИ - ВТОРИЧНАЯ ОТВЕТСТВЕННОСТЬ
Код отношения Прочие
Начальный элемент ввода Тульский государственный педагогический университет им. Л. Н. Толстого
Идентификатор авторитетной/нормативной записи RU\NLR\AUTH\8810024887
Системный номер авторитетной/нормативной записи 548005
942 ## - ДОПОЛНИТЕЛЬНЫЕ ЭЛЕМЕНТЫ ЗАПИСИ (АБИС)
Тип экземпляра АБИС Книга
980 ## - КОЛЛЕКЦИЯ
Название коллекции НБР

Нет доступных экземпляров.